000 00505nam a2200181Ia 4500
005 20250508152200.0
008 008 250505s9999 xx 000 0 eng d
037 _aTextual
040 _aFEDL
_beng
_cFEDL
041 _aeng
_2eng
084 _aF, CER
_qFEDL
100 _aCervantes Miguel De
245 0 _aIngenious gentleman: Don quixote De La Mancha
260 _aNew York, USA
_bThe Modern Library
_c1950
300 _axxii,936p.
942 _cTEXL
_hF, CER
999 _c1334814
_d1334814